| 000 | 00936nam a22002897a 4500 | ||
|---|---|---|---|
| 003 | CHAP | ||
| 005 | 20220329140806.0 | ||
| 008 | 971013s1958 r 00010 d | ||
| 010 | _a57673 | ||
| 011 | _a58645 | ||
| 035 | _a62800 | ||
| 040 | _cCHAP | ||
| 082 |
_a632.3 _bS83 |
||
| 100 | 0 | 0 |
_aStapp, Carl. _9109479 |
| 245 | _aPflanzenpathogene bakterien, eine Einfuhrung mit Hinweisen aut einschlagige bakteriologisthe und secrologische Arberits methoden | ||
| 260 |
_aBerlín : _bP. Parey, _c1958 |
||
| 300 |
_a259 p. _b: ilus. |
||
| 590 |
_aBATCH-UPD _b10 _c20130110 _lUCH01 _h0520 |
||
| 590 |
_aBATCH-UPD _b10 _c20130410 _lUCH01 _h0159 |
||
| 590 |
_aBATCH-UPD _b10 _c20130914 _lUCH01 _h0519 |
||
| 590 |
_aCONVERSION _b10 _c20130109 _lUCH01 _h1331 |
||
| 650 | 1 | 4 |
_aBacterias fitopatógenas. _99326 |
| 650 | 1 | 4 |
_aFitopatología. _941161 |
| 901 | _aBK | ||
| 942 | _cLIBRO | ||
| 949 |
_a632.3 S83 _bBC _cLIBRO _d-134574 _eLIBRO _h27534 _i62800 _si |
||
| 999 |
_c57673 _d57673 |
||